000 00813nam a2200253 i 4500
001 14643
003 ES-MaACL
005 20250825081121.0
007 t|
008 990520s1998 sp |||| | spa d
020 _a84-89858-67-5
080 _a82(05)(460)"19"
100 1 _aRebollo Sánchez, Félix
_995713
245 1 0 _aPeriodismo y movimientos literarios contemporáneos españoles
_b: 1900-1939 /
_cFélix Rebollo Sánchez.
250 _a1ª ed.
260 _aMadrid :
_bHuerga & Fierro,
_c1998.
300 _a225 p. ;
_c22 cm.
490 1 _aEnsayo ;
_v14
650 4 _aLiteratura-
_vPublicaciones periódicas-
_zEspaña-
_yS.XX.
_914491
650 4 _aPeriodismo y literatura-
_zEspaña
_915960
830 0 _aEnsayo ;
_v14
_9177699
852 _aES-MaACL
_jL-22018
999 _c14643
_d14643